Arsitektura: Jurnal Ilmiah Arsitektur dan Lingkungan Binaan | Universitas Sebelas Maret

Bibliographic Details
Format: Electronic Journal
Language:English
Published: Cambridge University Press
Online Access:Full text available on Research4Life (HINARI,AGORA,OARE,ARDI & GOALI)
LEADER 00795cas a2200181 a 4500
001 AALejournalResearch4Life007321
008 240902c9999 xx r poo 0 0eng d
022 |a 16933680 
022 |a 25802976 
040 |a BD-DhAAL  |c BD-DhAAL 
245 0 0 |h [electronic resource]  |a Arsitektura: Jurnal Ilmiah Arsitektur dan Lingkungan Binaan | Universitas Sebelas Maret 
260 |b Cambridge University Press 
300 |a 1 online resource 
362 0 |a 2017 - current issue 
500 |a <strong>On-Campus Access Only (IP based access)</strong> 
506 |a Electronic access restricted to authorized BRAC University faculty, staff and students 
538 |a Mode of access: Internet 
856 4 0 |z Full text available on Research4Life (HINARI,AGORA,OARE,ARDI & GOALI)  |u https://jurnal.uns.ac.id/Arsitektura/index